00558nam a2200193Ia 450000500170000000800410001702000160005804000190007404100120009308200130010524500430011826000520016130000330021350400190024663000340026565000320029965100230033185000100035420230427134210.0131103s9999 xx 000 0 und d a088950518 3 aLoreto College aEnglish a616bREA aGuides to medical cures and treatments aMontrealbThe Reader's Digest Associationc1996 a480 p.b ill.,charts, photos aIncludes index aMedical Science - Diseases -  aReader's Digest Association aMedical Science -  aLCLIB